000 00668nam a2200241Ia 4500
003 OSt
005 20220918190655.0
006 a|||||r|||| 00| 0
007 ta
008 220917b |||||||| |||| 00| 0 eng d
024 _a58,665
037 _cTextual
040 _aARTS
_cARTS
_beng
041 _2eng
_aeng
082 _aQ1:24:g, M5 (P15)
100 _aSubrahmanian N S
_973503
245 0 _aEnclopaedia of the upanisads
260 _aN.D
_bSterling Pub
_c1985
300 _a564p.
_ccm.
650 _aRELIGION; ENCYCLOPEDIAS AND DICTIONARIES
942 _hQ1:24:g, M5 (P15)
_cTEXL
_2CC
999 _c186359
_d186359